书目信息 |
| 题名: |
中国自然地理
|
|
| 作者: | ;中国科学院《中国自然地理》编辑委员会 编 | |
| 分册: | 下册 | |
| 出版信息: | 北京 科学出版社 1986 |
|
| 页数: | 173页 | |
| 开本: | 26cm | |
| 丛书名: | ||
| 单 册: | ||
| 中图分类: | P531 | |
| 科图分类: | ||
| 主题词: | 古地理学 | |
| 电子资源: | ||
| ISBN: | ||
| 000 | 00774nam0 2200241 45 | |
| 001 | 0186010778 | |
| 005 | 20060411163733.12 | |
| 010 | @dCNY4.50 | |
| 091 | @a13031.3148 | |
| 100 | @a19900818d1986 emky0chiy0121 ea | |
| 101 | 0 | @achi |
| 102 | @aCN@b110000 | |
| 105 | @af z 000yy | |
| 200 | 10 | @a中国自然地理@Azhong guo zi ran di li@e古地理@EGu Di Li@h下册@f中国科学院《中国自然地理》编辑委员会编@FZhong Guo Ke Xue Yuan《Zhong Guo Zi Ran Di Li》Bian Ji Wei Yuan Hui Bian |
| 210 | @a北京@c科学出版社@d1986 | |
| 215 | @a173页@c图@d26cm | |
| 517 | @a古地理@AGu Di Li | |
| 606 | @a古地理学 | |
| 690 | @aP531@v3 | |
| 711 | 02 | @a中国科学院《中国自然地理》编辑委员会@4编 |
| 801 | 0 | @aCN@b深圳图书馆@c20060411 |
| 801 | 2 | @aCN@bNLC@c20060220 |
| 905 | @dP531@e21:2@f1@b255278 | |
| 中国自然地理:古地理.下册/中国科学院《中国自然地理》编辑委员会编.-北京:科学出版社,1986 |
| 173页:图;26cm |
| ISBN :CNY4.50 |
| ● |
| 相关链接 |
|
|
|
|
正题名:中国自然地理
索取号:P531/21:2
 
预约/预借
| 序号 | 登录号 | 条形码 | 馆藏地/架位号 | 状态 | 备注 |
| 1 | 0201243 | 202192992 | 密集书库/ [索取号:P531/21:2] | 在馆 | |
| 2 | 0201244 | 202192956 | 密集书库/ [索取号:P531/21:2] | 在馆 | |
| 3 | 0201245 | 202255013 | 密集书库/ [索取号:P531/21:2] | 在馆 | |
| 4 | 0201246 | 202255059 | 密集书库/ [索取号:P531/21:2] | 在馆 | |
| 5 | 0201247 | 202108370 | 第二样本阅览室/ [索取号:P531/21:2] | 在馆 |